Fundamentals of Strategy 6/e

Saved in:
書目詳細資料
主要作者: Whittington
格式: 圖書
出版: Pearson
標簽: 添加標簽
沒有標簽, 成為第一個標記此記錄!

MARC

LEADER 00000nam a2200000Ia 4500
005 20260513122054.0
020 |a 9781292731674 
100 |a Whittington 
365 |c £ 
365 |b 25.00 
942 |c BK 
245 |a Fundamentals of Strategy 6/e 
260 |b Pearson 
999 |c 117  |d 117 
952 |0 0  |1 0  |4 0  |7 0  |a UNSW  |b UNSW  |d 2026-05-06  |g 56.99  |i 16682  |l 0  |p 000137  |r 2026-05-13 12:20:54  |v 56.99  |w 2026-05-13  |y BK